<?xml version="1.0" encoding="UTF-8"?>
<marc:record xmlns:marc="http://www.loc.gov/MARC21/slim">
   <marc:leader>00000nam a2200000 a 4500</marc:leader>
   <marc:datafield ind1="1" ind2=" " tag="100">
      <marc:subfield code="a">Bäuerle, Dietrich</marc:subfield>
      <marc:subfield code="4">aut</marc:subfield>
      <marc:subfield code="e">Verfasser/-in</marc:subfield>
   </marc:datafield>
   <marc:datafield ind1=" " ind2=" " tag="653">
      <marc:subfield code="a">Jugend</marc:subfield>
   </marc:datafield>
   <marc:datafield ind1=" " ind2=" " tag="653">
      <marc:subfield code="a">Prävention</marc:subfield>
   </marc:datafield>
   <marc:datafield ind1=" " ind2=" " tag="653">
      <marc:subfield code="a">Unterricht</marc:subfield>
   </marc:datafield>
   <marc:datafield ind1=" " ind2=" " tag="653">
      <marc:subfield code="a">Sucht</marc:subfield>
   </marc:datafield>
   <marc:datafield ind1="0" ind2="0" tag="245">
      <marc:subfield code="a">Sucht- und Drogenprävention in der Schule</marc:subfield>
   </marc:datafield>
   <marc:datafield ind1=" " ind2="1" tag="264">
      <marc:subfield code="b">Kösel-Verl.</marc:subfield>
      <marc:subfield code="c">1996</marc:subfield>
   </marc:datafield>
   <marc:datafield ind1="1" ind2=" " tag="520">
      <marc:subfield code="a">Der besonders im pädagogischen Feld der Drogenprävention aktive Autor (zuletzt BA 11/94) stellt hier dem Lehrer ein Paket mit didaktischen, methodischen, Projekt- und Fortbildungs-Ideen zusammen, das fachspezifisch wie fächerübergreifend angelegt ist, schliesslich sich auch der Kooperation mit ausserschulischen Partnern versichert. Nach notwendigen Grundlagendaten zur Drogenproblematik (u.a. Suchtentstehung, Suchtmittel, schulische Suchtprävention) folgen generelle didaktische Überlegungen zur Integration des Themas in den Unterricht: sowohl fachspezifisch (Religions- und Ethikunterricht) als auch interdisziplinär. Für Pädagogen am ertragreichsten wird der "Ideen-Steinbruch" für die konkrete Praxis sein, mit Anregungen für Lehrer- und Eltern-Seminare, zu Schulprojekten und zur Beratungsarbeit. Mit Literatur-, Materialien- und Adressenanhang. - Im Verein mit W. Kindermann (BA 10/93), G. Bühringer (BA 6/92) und P. Andreas-Siller (BA 3/92). (2 S)</marc:subfield>
   </marc:datafield>
   <marc:datafield ind1="3" ind2=" " tag="024">
      <marc:subfield code="a">3466364426</marc:subfield>
   </marc:datafield>
</marc:record>
